000 00734nam a2200253Ia 4500
003 OSt
005 20220928111916.0
006 a|||||r|||| 00| 0
007 ta
008 220927b |||||||| |||| 00| 0 hin d
020 _c550
024 _a127898
037 _b381, 12/12/2015, Kiran Book Service
_cTextual
040 _aSDCL
_cSDCL
_bhin
041 _2hin
_ahin
082 _aY592(Q2), Q4
100 _aYadav Dineshwar
_9425370
245 0 _aSmirti
_b Asprishyata
260 _aVaransi
_bKala evam Dharam Shod Sansthan
_c2014
300 _aiv,176p
_ccm.
650 _aSanskrit
_9391587
942 _hY592(Q2), Q4
_cTEXL
_2CC
999 _c742384
_d742384